| 000 | 00493nam a2200193Ia 4500 | ||
|---|---|---|---|
| 008 | 151121s9999||||xx |||||||||||||| ||und|| | ||
| 082 | _a128।2/BUD | ||
| 082 | _bHNW-67648 | ||
| 100 | _aSw। Budhananda | ||
| 245 | 4 | _aThe Mind And Its Control | |
| 260 | _b"Advait Ashram, Colcutta।" | ||
| 260 | _c-- | ||
| 300 | _a112 | ||
| 600 | _aSw। Budhananda | ||
| 630 | _aThe Mind And Its Control | ||
| 700 | _aSw। Budhananda | ||
| 730 | _aThe Mind And Its Control | ||
| 942 | _cBOOK | ||
| 999 |
_c1249142 _d1249139 |
||